Movies Quiz

Random Movies or Disney Quiz

Disney Movies in Foreign Languages Quiz Stats

 Plays Quiz Updated Mar 29, 2019

Score 0/16 Timer 04:00
5 Plays Today
Foreign Version English Version % Correct
Prinsessen og froskenThe Princess and the Frog
90.8%
A Guerra dos Dálmatas101 Dalmatians
88.6%
Notredamski zvonarThe Hunchback of Notre Dame
82.3%
La Petite SirèneThe Little Mermaid
80.6%
Piękna i BestiaBeauty and the Beast
77%
ArystokraciThe Aristocats
72.7%
Rapunzel - L'intreccio della torre Tangled
71.5%
La dama y el vagabundo Lady and the Tramp
70.6%
Foreign Version English Version % Correct
Iraklis: pera apo to mythoHercules
55.6%
Keizer KuzcoThe Emperor's New Groove
53.7%
Merlin l'enchanteurThe Sword in the Stone
51.6%
LeijonakuningasThe Lion King
50.3%
El libro de la selvaThe Jungle Book
45.2%
A bela adormecidaSleeping Beauty
44.3%
Biancaneve e i sette naniSnow White and the Seven Dwarfs
43.3%
Rox et RoukyThe Fox and the Hound
30.7%

You're not logged in!

Compare scores with friends on all Sporcle quizzes.
OR
Log In

Show Comments

Extras

Top Quizzes Today


Score Distribution

Your Account Isn't Verified!

In order to create a playlist on Sporcle, you need to verify the email address you used during registration. Go to your Sporcle Settings to finish the process.

Report this User

Report this user for behavior that violates our Community Guidelines.

Details: